[Event "WCO2014"]
[Site "Tromso"]
[Date "2014.08.09"]
[Round "7.32"]
[WhiteID "4200446"]
[White "Botsari Anna-Maria"]
[BlackID "4404564"]
[Black "Rodriguez Rueda Paula Andrea"]
[Result "1/2-1/2"]
[LiveChessVersion "1.4.3"]
[BlackElo "2368"]
[WhiteElo "2299"]

1. d4 {[%clk 1:30:57]} Nf6 {[%clk 1:30:45]} 2. Nf3 {[%clk 1:31:22]} e6
{[%clk 1:30:54]} 3. g3 {[%clk 1:31:44]} d5 {[%clk 1:29:22]} 4. Bg2
{[%clk 1:31:46]} Be7 {[%clk 1:29:34]} 5. c4 {[%clk 1:31:10]} O-O {[%clk 1:29:52]}
6. Qc2 {[%clk 1:31:34]} a6 {[%clk 1:28:57]} 7. Nbd2 {[%clk 1:30:19]} dxc4
{[%clk 1:26:38]} 8. Nxc4 {[%clk 1:29:36]} Nc6 {[%clk 1:19:49]} 9. e3
{[%clk 1:23:42]} Nb4 {[%clk 1:16:03]} 10. Qe2 {[%clk 1:19:41]} b5
{[%clk 1:12:18]} 11. Nfe5 {[%clk 1:12:32]} Nfd5 {[%clk 0:53:58]} 12. Na5
{[%clk 1:11:47]} c5 {[%clk 0:53:51]} 13. Nac6 {[%clk 1:10:03]} Nxc6
{[%clk 0:53:55]} 14. Nxc6 {[%clk 1:10:26]} Qc7 {[%clk 0:54:00]} 15. Nxe7+
{[%clk 1:10:39]} Qxe7 {[%clk 0:54:26]} 16. dxc5 {[%clk 1:08:53]} Qxc5
{[%clk 0:54:39]} 17. O-O {[%clk 1:09:06]} Bb7 {[%clk 0:54:49]} 18. e4
{[%clk 1:05:00]} Nf6 {[%clk 0:53:57]} 19. Be3 {[%clk 1:04:41]} Qe7
{[%clk 0:50:03]} 20. f3 {[%clk 0:58:30]} h6 {[%clk 0:47:50]} 21. Rfd1
{[%clk 0:50:33]} Rac8 {[%clk 0:47:04]} 22. a3 {[%clk 0:49:09]} b4
{[%clk 0:40:52]} 23. axb4 {[%clk 0:44:06]} Qxb4 {[%clk 0:41:07]} 24. Rd4
{[%clk 0:39:49]} Qe7 {[%clk 0:39:13]} 25. Qd2 {[%clk 0:37:12]} e5
{[%clk 0:35:34]} 26. Rd6 {[%clk 0:32:13]} Rfd8 {[%clk 0:34:25]} 27. Rd1
{[%clk 0:32:08]} Rxd6 {[%clk 0:32:50]} 28. Qxd6 {[%clk 0:32:32]} Qxd6
{[%clk 0:26:28]} 29. Rxd6 {[%clk 0:32:51]} Rc6 {[%clk 0:26:15]} 30. Rd8+
{[%clk 0:31:10]} Kh7 {[%clk 0:26:39]} 31. Bf1 {[%clk 0:29:39]} Bc8
{[%clk 0:25:31]} 32. Bd2 {[%clk 0:28:04]} Ng8 {[%clk 0:15:02]} 33. Bc3
{[%clk 0:27:54]} f6 {[%clk 0:15:19]} 34. Bd3 {[%clk 0:27:20]} Ne7
{[%clk 0:13:05]} 35. h4 {[%clk 0:22:39]} Kg6 {[%clk 0:12:09]} 36. Kf2
{[%clk 0:22:16]} Kf7 {[%clk 0:12:23]} 37. Ke3 {[%clk 0:19:42]} Be6
{[%clk 0:08:01]} 38. Ra8 {[%clk 0:19:15]} Bc8 {[%clk 0:08:13]} 39. Ra7
{[%clk 0:19:09]} Rb6 {[%clk 0:06:35]} 40. f4 {[%clk 0:14:05]} exf4+
{[%clk 0:02:39]} 41. gxf4 {[%clk 0:14:30]} Ke8 {[%clk 0:01:15]} 42. Bd4
{[%clk 0:10:14]} Rb3 {[%clk 0:00:35]} 43. Rc7 {[%clk 0:03:14]} Kd8
{[%clk 0:30:13]} 44. Rc1 {[%clk 0:33:23]} f5 {[%clk 0:24:57]} 45. Bc3
{[%clk 0:32:20]} fxe4 {[%clk 0:22:58]} 46. Bxe4 {[%clk 0:32:43]} Bf5
{[%clk 0:21:32]} 47. Ra1 {[%clk 0:31:07]} Bc8 {[%clk 0:16:38]} 48. Rg1
{[%clk 0:24:15]} g6 {[%clk 0:16:29]} 49. Bxg6 {[%clk 0:20:37]} Nd5+
{[%clk 0:16:39]} 50. Kd2 {[%clk 0:17:54]} Nxf4 {[%clk 0:10:41]} 51. Bf6+
{[%clk 0:17:27]} Kd7 {[%clk 0:10:55]} 52. Bf5+ {[%clk 0:14:41]} Ne6
{[%clk 0:11:19]} 53. Rg8 {[%clk 0:11:35]} Rb6 {[%clk 0:08:49]} 54. Be5
{[%clk 0:09:46]} Rb5 {[%clk 0:08:06]} 55. Rg7+ {[%clk 0:05:55]} Kc6
{[%clk 0:07:21]} 56. Bxe6 {[%clk 0:05:37]} Bxe6 {[%clk 0:07:48]} 57. Bc3
{[%clk 0:06:03]} h5 {[%clk 0:07:17]} 58. Rg6 {[%clk 0:06:11]} Kd6
{[%clk 0:07:01]} 59. Ke3 {[%clk 0:06:28]} a5 {[%clk 0:06:00]} 60. Rg7
{[%clk 0:06:36]} a4 {[%clk 0:05:30]} 61. Ra7 {[%clk 0:06:46]} Bb3
{[%clk 0:05:51]} 62. Kf4 {[%clk 0:06:15]} Kc5 {[%clk 0:05:06]} 63. Ra6
{[%clk 0:05:44]} Bd1 {[%clk 0:05:01]} 64. Be5 {[%clk 0:05:22]} Kc4
{[%clk 0:05:02]} 65. Rc6+ {[%clk 0:04:59]} Rc5 {[%clk 0:05:31]} 66. Ra6
{[%clk 0:04:11]} Rb5 {[%clk 0:05:56]} 67. Ra8 {[%clk 0:03:50]} Rd5
{[%clk 0:05:56]} 68. Rc8+ {[%clk 0:03:58]} Rc5 {[%clk 0:06:25]} 69. Rxc5+
{[%clk 0:03:52]} Kxc5 {[%clk 0:06:53]} 1/2-1/2

[Event "WCO2014"]
[Site "Tromso"]
[Date "2014.08.09"]
[Round "7.31"]
[WhiteID "4402618"]
[White "Franco Valencia Beatriz Irene"]
[BlackID "4213262"]
[Black "Pavlidou Ekaterini"]
[Result "1/2-1/2"]
[LiveChessVersion "1.4.3"]
[BlackElo "2170"]
[WhiteElo "2210"]

1. d4 {[%clk 1:30:51]} f5 {[%clk 1:30:40]} 2. c4 {[%clk 1:31:14]} Nf6
{[%clk 1:31:00]} 3. g3 {[%clk 1:31:16]} g6 {[%clk 1:31:06]} 4. Bg2
{[%clk 1:31:44]} Bg7 {[%clk 1:31:22]} 5. Nc3 {[%clk 1:31:46]} O-O
{[%clk 1:31:05]} 6. Rb1 {[%clk 1:27:09]} d6 {[%clk 1:28:31]} 7. d5
{[%clk 1:26:32]} c6 {[%clk 1:25:42]} 8. Nh3 {[%clk 1:20:59]} e5 {[%clk 1:21:52]}
9. dxe6 {[%clk 1:12:48]} Bxe6 {[%clk 1:17:26]} 10. Bf4 {[%clk 1:07:34]} Bxc4
{[%clk 1:14:36]} 11. Qxd6 {[%clk 0:58:47]} Qxd6 {[%clk 1:05:22]} 12. Bxd6
{[%clk 0:59:10]} Re8 {[%clk 1:04:11]} 13. b3 {[%clk 0:49:27]} Ba6
{[%clk 1:03:15]} 14. Rc1 {[%clk 0:41:32]} Ng4 {[%clk 1:00:09]} 15. Bf3
{[%clk 0:34:47]} Nd7 {[%clk 0:58:29]} 16. Kf1 {[%clk 0:17:10]} Nde5
{[%clk 0:55:50]} 17. Kg2 {[%clk 0:16:38]} Nf7 {[%clk 0:54:38]} 18. Bc5
{[%clk 0:11:57]} Bxc3 {[%clk 0:52:56]} 19. Rxc3 {[%clk 0:12:26]} Bxe2
{[%clk 0:53:09]} 20. Nf4 {[%clk 0:11:55]} Bxf3+ {[%clk 0:52:59]} 21. Rxf3
{[%clk 0:10:44]} b6 {[%clk 0:51:35]} 22. Bb4 {[%clk 0:08:06]} c5 {[%clk 0:51:01]}
23. Bc3 {[%clk 0:05:21]} Nfe5 {[%clk 0:44:56]} 24. Bxe5 {[%clk 0:05:46]} Rxe5
{[%clk 0:43:15]} 25. Rd1 {[%clk 0:05:44]} Nf6 {[%clk 0:43:18]} 26. h4
{[%clk 0:05:43]} Rae8 {[%clk 0:42:04]} 27. Rfd3 {[%clk 0:05:14]} Kf7
{[%clk 0:41:56]} 28. Rd6 {[%clk 0:05:21]} h6 {[%clk 0:37:12]} 29. Rc6
{[%clk 0:03:04]} g5 {[%clk 0:26:36]} 30. Rdd6 {[%clk 0:03:20]} Ne4
{[%clk 0:24:40]} 31. Nd3 {[%clk 0:01:15]} Nxd6 {[%clk 0:24:50]} 32. Nxe5+
{[%clk 0:01:41]} Rxe5 {[%clk 0:25:12]} 33. Rxd6 {[%clk 0:02:08]} Re6
{[%clk 0:18:30]} 34. Rd7+ {[%clk 0:02:09]} Re7 {[%clk 0:17:30]} 35. Rd6
{[%clk 0:02:34]} Re6 {[%clk 0:16:27]} 36. Rd7+ {[%clk 0:02:59]} Kf6
{[%clk 0:15:53]} 37. Rxa7 {[%clk 0:02:21]} g4 {[%clk 0:16:08]} 38. Kf1
{[%clk 0:02:24]} Ke5 {[%clk 0:14:21]} 39. Rf7 {[%clk 0:01:03]} Kd4
{[%clk 0:11:06]} 40. Rxf5 {[%clk 0:00:48]} b5 {[%clk 0:10:36]} 41. f3
{[%clk 0:06:29]} gxf3 {[%clk 0:39:42]} 42. Rxf3 {[%clk 0:06:06]} c4
{[%clk 0:39:54]} 43. bxc4 {[%clk 0:01:43]} bxc4 {[%clk 0:39:54]} 44. Rf8
{[%clk 0:01:36]} Kd3 {[%clk 0:37:10]} 45. Rd8+ {[%clk 0:01:37]} Kc2
{[%clk 0:37:23]} 46. Rc8 {[%clk 0:01:18]} c3 {[%clk 0:37:42]} 47. g4
{[%clk 0:01:12]} Re4 {[%clk 0:32:31]} 48. g5 {[%clk 0:01:23]} hxg5
{[%clk 0:32:33]} 49. hxg5 {[%clk 0:01:50]} Rg4 {[%clk 0:25:41]} 50. Rc5
{[%clk 0:01:27]} Kd3 {[%clk 0:25:05]} 51. Rd5+ {[%clk 0:01:01]} Ke3
{[%clk 0:21:32]} 52. Rc5 {[%clk 0:01:03]} Kd2 {[%clk 0:20:58]} 53. Rd5+
{[%clk 0:01:17]} Kc1 {[%clk 0:19:21]} 54. Rc5 {[%clk 0:01:28]} c2
{[%clk 0:18:20]} 55. Ke2 {[%clk 0:01:32]} Rg1 {[%clk 0:09:10]} 56. Kf3
{[%clk 0:01:11]} Kd2 {[%clk 0:08:57]} 57. Kf4 {[%clk 0:00:58]} Kd3
{[%clk 0:04:46]} 58. Kf5 {[%clk 0:00:48]} c1=Q {[%clk 0:04:19]} 59. Rxc1
{[%clk 0:01:14]} Rxc1 {[%clk 0:04:42]} 60. g6 {[%clk 0:01:26]} Rg1
{[%clk 0:03:38]} 1/2-1/2

[Event "WCO2014"]
[Site "Tromso"]
[Date "2014.08.09"]
[Round "7.30"]
[WhiteID "4200187"]
[White "Makropoulou Marina"]
[BlackID "4403070"]
[Black "Franco Valencia Angela"]
[Result "0-1"]
[LiveChessVersion "1.4.3"]
[BlackElo "2186"]
[WhiteElo "2218"]

1. e4 {[%clk 1:30:56]} c5 {[%clk 1:30:52]} 2. Nf3 {[%clk 1:30:04]} d6
{[%clk 1:31:13]} 3. d4 {[%clk 1:30:16]} cxd4 {[%clk 1:31:35]} 4. Nxd4
{[%clk 1:30:40]} Nf6 {[%clk 1:31:56]} 5. Nc3 {[%clk 1:31:00]} a6 {[%clk 1:32:20]}
6. Bg5 {[%clk 1:29:11]} e6 {[%clk 1:32:16]} 7. f4 {[%clk 1:29:25]} Be7
{[%clk 1:32:27]} 8. Qe2 {[%clk 1:27:46]} Qc7 {[%clk 1:29:34]} 9. O-O-O
{[%clk 1:23:24]} h6 {[%clk 1:24:13]} 10. Bh4 {[%clk 1:17:31]} Nxe4
{[%clk 1:10:58]} 11. Nxe4 {[%clk 1:14:29]} Bxh4 {[%clk 1:09:16]} 12. Nf5
{[%clk 1:13:30]} d5 {[%clk 1:08:15]} 13. Ned6+ {[%clk 0:55:12]} Kf8
{[%clk 1:05:55]} 14. Rxd5 {[%clk 0:24:14]} Bd7 {[%clk 0:52:52]} 15. Qh5
{[%clk 0:22:26]} Bc6 {[%clk 0:51:33]} 16. Rd2 {[%clk 0:13:38]} Be1
{[%clk 0:47:03]} 17. Rd1 {[%clk 0:13:15]} exf5 {[%clk 0:46:30]} 18. Bc4
{[%clk 0:13:15]} g6 {[%clk 0:38:27]} 19. Qe2 {[%clk 0:13:06]} Bh4
{[%clk 0:35:08]} 20. Bxf7 {[%clk 0:08:49]} Qe7 {[%clk 0:28:42]} 21. Qd3
{[%clk 0:06:30]} Kg7 {[%clk 0:25:47]} 22. g3 {[%clk 0:04:43]} Bxh1
{[%clk 0:23:53]} 23. gxh4 {[%clk 0:05:02]} Rd8 {[%clk 0:17:29]} 24. Qc3+
{[%clk 0:04:55]} Qf6 {[%clk 0:15:55]} 25. Qc7 {[%clk 0:04:36]} Kf8
{[%clk 0:12:44]} 26. Bxg6 {[%clk 0:01:03]} Nc6 {[%clk 0:12:22]} 27. h5
{[%clk 0:01:04]} Be4 {[%clk 0:11:39]} 28. c3 {[%clk 0:00:40]} Qe7
{[%clk 0:11:37]} 29. Qb6 {[%clk 0:00:43]} Rxd6 {[%clk 0:11:26]} 30. Rxd6
{[%clk 0:00:55]} Qxd6 {[%clk 0:11:52]} 31. Qxb7 Ne7 {[%clk 0:11:51]} 0-1

[Event "WCO2014"]
[Site "Tromso"]
[Date "2014.08.09"]
[Round "7.29"]
[WhiteID "4402413"]
[White "Castrillon Gomez Melissa"]
[BlackID "4207050"]
[Black "Markantonaki Haritomeni"]
[Result "1-0"]
[LiveChessVersion "1.4.3"]
[BlackElo "2180"]
[WhiteElo "2168"]

1. f4 {[%clk 1:30:45]} c5 {[%clk 1:30:34]} 2. Nf3 {[%clk 1:30:48]} Nf6
{[%clk 1:30:28]} 3. g3 {[%clk 1:30:12]} d5 {[%clk 1:29:20]} 4. Bg2
{[%clk 1:30:15]} Nc6 {[%clk 1:27:20]} 5. O-O {[%clk 1:30:24]} g6 {[%clk 1:25:57]}
6. d3 {[%clk 1:30:41]} Bg7 {[%clk 1:26:08]} 7. Qe1 {[%clk 1:26:10]} O-O
{[%clk 1:22:33]} 8. e4 {[%clk 1:24:01]} dxe4 {[%clk 1:19:58]} 9. dxe4
{[%clk 1:24:19]} e5 {[%clk 1:18:01]} 10. c3 {[%clk 1:16:55]} Re8 {[%clk 1:14:46]}
11. Nfd2 {[%clk 1:15:32]} exf4 {[%clk 1:08:04]} 12. gxf4 {[%clk 0:58:11]} Nxe4
{[%clk 1:00:22]} 13. Nxe4 {[%clk 0:57:10]} f5 {[%clk 0:55:55]} 14. Be3
{[%clk 0:56:33]} fxe4 {[%clk 0:54:58]} 15. Bxc5 {[%clk 0:54:05]} Bf5
{[%clk 0:52:55]} 16. Be3 {[%clk 0:52:34]} Qe7 {[%clk 0:49:42]} 17. Na3
{[%clk 0:49:30]} Rad8 {[%clk 0:49:24]} 18. Rd1 {[%clk 0:46:11]} Rd3
{[%clk 0:48:03]} 19. Rd2 {[%clk 0:37:38]} Bxc3 {[%clk 0:40:52]} 20. bxc3
{[%clk 0:37:22]} Qxa3 {[%clk 0:41:14]} 21. Rxd3 {[%clk 0:31:45]} exd3
{[%clk 0:41:14]} 22. Bd5+ {[%clk 0:31:53]} Kf8 {[%clk 0:34:41]} 23. Qf2
{[%clk 0:19:29]} Rxe3 {[%clk 0:30:42]} 24. Qxe3 {[%clk 0:19:46]} Qxc3
{[%clk 0:31:07]} 25. Bxc6 {[%clk 0:13:27]} Qxc6 {[%clk 0:31:03]} 26. Re1
{[%clk 0:12:46]} Qb6 {[%clk 0:27:03]} 27. Qxb6 {[%clk 0:12:55]} axb6
{[%clk 0:27:31]} 28. Kf2 {[%clk 0:12:21]} Kf7 {[%clk 0:23:13]} 29. Rb1
{[%clk 0:09:11]} d2 {[%clk 0:22:16]} 30. Rd1 {[%clk 0:09:31]} Be4
{[%clk 0:22:41]} 31. Rxd2 {[%clk 0:09:44]} Bc6 {[%clk 0:23:08]} 32. Rd8
{[%clk 0:08:39]} Kf6 {[%clk 0:22:57]} 33. Kg3 {[%clk 0:08:11]} b5
{[%clk 0:22:07]} 34. a3 {[%clk 0:07:28]} Be4 {[%clk 0:21:44]} 35. Rf8+
{[%clk 0:06:30]} Kg7 {[%clk 0:21:59]} 36. Re8 {[%clk 0:06:54]} Bc6
{[%clk 0:21:38]} 37. Re7+ {[%clk 0:07:12]} Kh6 {[%clk 0:22:00]} 38. Kf2
{[%clk 0:04:48]} Bd5 {[%clk 0:19:19]} 39. Ke3 {[%clk 0:05:08]} Bc6
{[%clk 0:18:07]} 40. Kd4 {[%clk 0:05:23]} Bf3 {[%clk 0:18:23]} 41. Ke5
{[%clk 0:05:18]} Bc6 {[%clk 0:18:30]} 42. Kf6 {[%clk 0:05:06]} Bg2
{[%clk 0:12:36]} 43. Re5 {[%clk 0:04:01]} Bc6 {[%clk 0:12:51]} 44. Kf7
{[%clk 0:03:01]} b4 {[%clk 0:11:28]} 45. axb4 {[%clk 0:03:15]} Bg2
{[%clk 0:11:52]} 46. b5 {[%clk 0:02:13]} Bh1 {[%clk 0:12:11]} 47. b6
{[%clk 0:01:31]} Bg2 {[%clk 0:12:14]} 48. Kf6 {[%clk 0:30:05]} Bc6
{[%clk 0:42:16]} 49. Re3 {[%clk 0:29:04]} Bg2 {[%clk 0:41:47]} 50. Re7
{[%clk 0:26:29]} Bc6 {[%clk 0:40:45]} 51. Ke5 {[%clk 0:26:44]} Bf3
{[%clk 0:38:56]} 52. Kd6 {[%clk 0:27:01]} Kh5 {[%clk 0:38:25]} 53. Rxh7+
{[%clk 0:27:25]} Kg4 {[%clk 0:38:51]} 54. Ke5 {[%clk 0:27:45]} Bc6
{[%clk 0:38:53]} 55. Rg7 {[%clk 0:27:25]} Kh5 {[%clk 0:39:12]} 56. f5
{[%clk 0:27:45]} 1-0

[Event "WCO2014"]
[Site "Tromso"]
[Date "2014.08.09"]
[Round "7.5"]
[WhiteID "13704788"]
[White "Nakhbayeva Guliskhan"]
[BlackID "14111330"]
[Black "Muzychuk Anna"]
[Result "0-1"]
[LiveChessVersion "1.4.3"]
[BlackElo "2555"]
[WhiteElo "2336"]

1. d4 {[%clk 1:30:57]} d6 {[%clk 1:30:55]} 2. e4 {[%clk 1:31:00]} Nf6
{[%clk 1:30:34]} 3. Nc3 {[%clk 1:31:19]} Nbd7 {[%clk 1:27:39]} 4. Nf3
{[%clk 1:31:38]} e5 {[%clk 1:27:42]} 5. Bc4 {[%clk 1:31:57]} Be7 {[%clk 1:27:53]}
6. O-O {[%clk 1:32:16]} Nb6 {[%clk 1:19:58]} 7. Bb5+ {[%clk 1:26:24]} c6
{[%clk 1:19:23]} 8. Be2 {[%clk 1:21:23]} Qc7 {[%clk 1:13:44]} 9. a4
{[%clk 1:20:34]} a5 {[%clk 1:10:17]} 10. h3 {[%clk 1:20:41]} O-O {[%clk 1:09:12]}
11. Be3 {[%clk 1:14:53]} Rd8 {[%clk 1:06:01]} 12. Qc1 {[%clk 1:06:06]} exd4
{[%clk 1:02:56]} 13. Nxd4 {[%clk 0:54:50]} d5 {[%clk 0:59:17]} 14. e5
{[%clk 0:49:23]} Qxe5 {[%clk 0:56:42]} 15. Nxc6 {[%clk 0:49:00]} bxc6
{[%clk 0:57:06]} 16. Bxb6 {[%clk 0:49:26]} d4 {[%clk 0:43:35]} 17. f4
{[%clk 0:31:53]} Qe6 {[%clk 0:42:21]} 18. Bxd8 {[%clk 0:25:27]} Bxd8
{[%clk 0:41:25]} 19. Bf3 {[%clk 0:22:51]} dxc3 {[%clk 0:40:57]} 20. bxc3
{[%clk 0:23:15]} Bb6+ {[%clk 0:36:42]} 21. Kh1 {[%clk 0:23:40]} Qc4
{[%clk 0:27:55]} 22. Qd2 {[%clk 0:20:02]} Be6 {[%clk 0:26:36]} 23. Rab1
{[%clk 0:18:46]} Bd5 {[%clk 0:19:40]} 24. Qd3 {[%clk 0:15:39]} Qc5
{[%clk 0:19:53]} 25. Rfe1 {[%clk 0:15:15]} h6 {[%clk 0:16:43]} 26. Bxd5
{[%clk 0:10:35]} Nxd5 {[%clk 0:16:14]} 27. Re4 {[%clk 0:09:01]} Qxc3
{[%clk 0:12:45]} 28. Qe2 {[%clk 0:07:38]} Kh7 {[%clk 0:09:55]} 29. Re5
{[%clk 0:04:15]} Bc7 {[%clk 0:03:26]} 30. Qe4+ {[%clk 0:03:45]} g6
{[%clk 0:03:25]} 31. Rxd5 {[%clk 0:01:10]} cxd5 {[%clk 0:03:40]} 32. Qe7
{[%clk 0:00:55]} Kg7 {[%clk 0:02:21]} 33. Rb7 {[%clk 0:00:54]} Rc8
{[%clk 0:02:10]} 34. Kg1 {[%clk 0:00:54]} Qc6 {[%clk 0:02:22]} 0-1

[Event "WCO2014"]
[Site "Tromso"]
[Date "2014.08.09"]
[Round "7.7"]
[WhiteID "13703544"]
[White "Abdumalik Zhansaya"]
[BlackID "14110911"]
[Black "Ushenina Anna"]
[Result "0-1"]
[LiveChessVersion "1.4.3"]
[BlackElo "2487"]
[WhiteElo "2333"]

1. e4 {[%clk 1:30:57]} d5 {[%clk 1:30:38]} 2. exd5 {[%clk 1:30:58]} Qxd5
{[%clk 1:31:01]} 3. Nc3 {[%clk 1:31:23]} Qd6 {[%clk 1:30:55]} 4. d4
{[%clk 1:31:46]} Nf6 {[%clk 1:30:58]} 5. Bd3 {[%clk 1:31:40]} Nc6
{[%clk 1:31:00]} 6. Nge2 {[%clk 1:31:16]} e5 {[%clk 1:31:16]} 7. Nb5
{[%clk 1:18:42]} Qe7 {[%clk 1:30:47]} 8. O-O {[%clk 1:11:07]} a6 {[%clk 1:28:19]}
9. dxe5 {[%clk 1:09:50]} Nxe5 {[%clk 1:28:20]} 10. Nbc3 {[%clk 1:07:15]} Bd7
{[%clk 1:26:24]} 11. Ng3 {[%clk 0:56:25]} O-O-O {[%clk 1:23:07]} 12. Re1
{[%clk 0:51:41]} Qc5 {[%clk 1:23:05]} 13. Be3 {[%clk 0:48:04]} Qc6
{[%clk 1:20:07]} 14. Bf1 {[%clk 0:41:40]} Be6 {[%clk 1:03:35]} 15. Qc1
{[%clk 0:38:28]} Neg4 {[%clk 0:58:21]} 16. Ba7 {[%clk 0:32:35]} Bc5
{[%clk 0:48:28]} 17. Bxc5 {[%clk 0:32:25]} Qxc5 {[%clk 0:48:56]} 18. Qf4
{[%clk 0:27:52]} Rd4 {[%clk 0:38:47]} 19. Nce4 {[%clk 0:21:25]} Nxe4
{[%clk 0:36:18]} 20. Rxe4 {[%clk 0:16:54]} Rhd8 {[%clk 0:25:44]} 21. Rae1
{[%clk 0:11:55]} Nf6 {[%clk 0:18:53]} 22. Rxd4 {[%clk 0:11:18]} Qxd4
{[%clk 0:15:34]} 23. Qxd4 {[%clk 0:10:23]} Rxd4 {[%clk 0:16:03]} 24. Bd3
{[%clk 0:10:33]} g6 {[%clk 0:16:00]} 25. Ne2 {[%clk 0:10:12]} Ra4
{[%clk 0:14:25]} 26. a3 {[%clk 0:08:15]} Kd8 {[%clk 0:11:10]} 27. f3
{[%clk 0:07:03]} Nd7 {[%clk 0:10:11]} 28. Nc3 {[%clk 0:04:20]} Ra5
{[%clk 0:07:01]} 29. Rd1 {[%clk 0:03:11]} c6 {[%clk 0:06:25]} 30. Kf2
{[%clk 0:02:39]} Ke7 {[%clk 0:06:28]} 31. a4 {[%clk 0:01:54]} Rh5
{[%clk 0:03:40]} 32. h3 {[%clk 0:01:32]} Nf6 {[%clk 0:01:57]} 33. Ne2
{[%clk 0:01:12]} Ra5 {[%clk 0:01:27]} 34. b3 {[%clk 0:01:02]} Bf5
{[%clk 0:01:24]} 35. Bxf5 {[%clk 0:00:45]} Rxf5 {[%clk 0:01:50]} 36. Ng3
{[%clk 0:01:01]} Rc5 {[%clk 0:01:51]} 37. Rd2 {[%clk 0:01:17]} b5
{[%clk 0:01:58]} 38. axb5 {[%clk 0:01:35]} cxb5 {[%clk 0:01:40]} 39. Ne2
{[%clk 0:01:14]} Nd5 {[%clk 0:01:15]} 40. Nd4 {[%clk 0:01:07]} Nb4
{[%clk 0:01:08]} 41. Ke1 {[%clk 0:21:23]} h5 {[%clk 0:29:19]} 42. h4
{[%clk 0:18:11]} a5 {[%clk 0:26:00]} 43. Re2+ {[%clk 0:16:23]} Kf6
{[%clk 0:18:21]} 44. Kd2 {[%clk 0:14:00]} a4 {[%clk 0:17:54]} 45. bxa4
{[%clk 0:12:37]} bxa4 {[%clk 0:18:18]} 46. Re1 {[%clk 0:12:17]} Rc4
{[%clk 0:17:21]} 47. c3 {[%clk 0:12:14]} Nd5 {[%clk 0:14:09]} 48. Ra1
{[%clk 0:10:59]} Nxc3 {[%clk 0:11:23]} 49. Kd3 {[%clk 0:11:06]} Rc7
{[%clk 0:11:46]} 50. g3 {[%clk 0:11:09]} Ke5 {[%clk 0:10:18]} 51. Ra3
{[%clk 0:09:40]} Nd1 {[%clk 0:09:05]} 52. f4+ {[%clk 0:03:38]} Kd5
{[%clk 0:08:44]} 53. Nf3 {[%clk 0:03:19]} Nb2+ {[%clk 0:08:50]} 54. Ke2
{[%clk 0:03:29]} Rc2+ {[%clk 0:06:50]} 55. Ke1 {[%clk 0:02:28]} Kc4
{[%clk 0:06:40]} 56. Ne5+ {[%clk 0:02:33]} Kb4 {[%clk 0:07:04]} 57. Ra1
{[%clk 0:02:44]} a3 {[%clk 0:06:59]} 58. Nxf7 {[%clk 0:02:39]} Rh2
{[%clk 0:06:27]} 0-1

[Event "WCO2014"]
[Site "Tromso"]
[Date "2014.08.09"]
[Round "7.8"]
[WhiteID "14101513"]
[White "Zhukova Natalia"]
[BlackID "13702971"]
[Black "Dauletova Gulmira"]
[Result "1/2-1/2"]
[LiveChessVersion "1.4.3"]
[BlackElo "2252"]
[WhiteElo "2468"]

1. d4 {[%clk 1:30:56]} Nf6 {[%clk 1:30:45]} 2. c4 {[%clk 1:31:20]} e6
{[%clk 1:31:08]} 3. Nc3 {[%clk 1:31:37]} Bb4 {[%clk 1:31:22]} 4. e3
{[%clk 1:31:50]} O-O {[%clk 1:31:28]} 5. Bd3 {[%clk 1:32:05]} d5 {[%clk 1:31:38]}
6. Nf3 {[%clk 1:32:18]} c5 {[%clk 1:31:42]} 7. O-O {[%clk 1:32:27]} Nc6
{[%clk 1:31:43]} 8. a3 {[%clk 1:32:33]} Ba5 {[%clk 1:31:29]} 9. Re1
{[%clk 1:20:51]} dxc4 {[%clk 1:28:20]} 10. Bxc4 {[%clk 1:21:00]} h6
{[%clk 1:28:24]} 11. h3 {[%clk 1:05:25]} Qe7 {[%clk 1:23:02]} 12. Qe2
{[%clk 1:01:42]} Rd8 {[%clk 0:49:08]} 13. Rd1 {[%clk 1:01:07]} Bd7
{[%clk 0:45:35]} 14. Bd2 {[%clk 0:46:22]} cxd4 {[%clk 0:43:23]} 15. exd4
{[%clk 0:46:46]} Bb6 {[%clk 0:42:46]} 16. Be3 {[%clk 0:44:56]} Be8
{[%clk 0:40:24]} 17. Rac1 {[%clk 0:43:34]} Rac8 {[%clk 0:39:56]} 18. Ba2
{[%clk 0:43:43]} Rc7 {[%clk 0:31:28]} 19. Rd2 {[%clk 0:29:38]} Ba5
{[%clk 0:27:43]} 20. Rdc2 {[%clk 0:24:17]} Bxc3 {[%clk 0:23:03]} 21. Rxc3
{[%clk 0:20:26]} Rcd7 {[%clk 0:22:24]} 22. Ne5 {[%clk 0:05:56]} Rd6
{[%clk 0:20:18]} 23. Nf3 {[%clk 0:02:52]} Nd5 {[%clk 0:17:44]} 24. Rc5
{[%clk 0:02:54]} f5 {[%clk 0:17:00]} 25. Ne5 {[%clk 0:02:17]} Qf6
{[%clk 0:14:01]} 26. Nxc6 {[%clk 0:00:40]} Bxc6 {[%clk 0:14:12]} 27. Bxd5
{[%clk 0:00:36]} Rxd5 {[%clk 0:12:29]} 28. f4 {[%clk 0:00:38]} a6
{[%clk 0:08:04]} 29. Kh2 {[%clk 0:01:00]} R5d7 {[%clk 0:07:18]} 30. Bf2
{[%clk 0:00:54]} g5 {[%clk 0:07:26]} 31. Re1 {[%clk 0:00:34]} Bd5
{[%clk 0:06:50]} 32. fxg5 {[%clk 0:00:32]} hxg5 {[%clk 0:06:36]} 33. Qe5
{[%clk 0:00:44]} Qxe5+ {[%clk 0:04:02]} 34. Rxe5 {[%clk 0:00:46]} Kf7
{[%clk 0:04:20]} 35. Re1 {[%clk 0:00:40]} Rh8 {[%clk 0:03:38]} 36. Kg1
{[%clk 0:00:51]} Kf6 {[%clk 0:01:31]} 37. Rec1 {[%clk 0:01:02]} f4
{[%clk 0:01:15]} 38. Rc8 {[%clk 0:00:56]} Rdh7 {[%clk 0:01:23]} 39. Rxh8
{[%clk 0:00:47]} Rxh8 {[%clk 0:01:52]} 40. Rc3 {[%clk 0:00:35]} Kf5
{[%clk 0:02:03]} 41. Kf1 {[%clk 0:24:23]} Rg8 {[%clk 0:23:23]} 42. Bg1
{[%clk 0:16:27]} Ke4 {[%clk 0:19:55]} 43. Bf2 {[%clk 0:11:34]} Rg6
{[%clk 0:11:21]} 44. Ke2 {[%clk 0:09:16]} b5 {[%clk 0:04:28]} 45. b4
{[%clk 0:08:17]} Bc4+ {[%clk 0:03:44]} 46. Kd2 {[%clk 0:08:16]} Bf1
{[%clk 0:02:08]} 47. g3 {[%clk 0:08:29]} Bxh3 {[%clk 0:01:54]} 48. gxf4
{[%clk 0:08:51]} g4 {[%clk 0:02:23]} 49. Re3+ {[%clk 0:06:55]} Kxf4
{[%clk 0:02:13]} 50. Bg3+ {[%clk 0:07:23]} Kg5 {[%clk 0:01:37]} 51. Re5+
{[%clk 0:06:56]} Kf6 {[%clk 0:01:43]} 52. Ke3 {[%clk 0:05:07]} Bg2
{[%clk 0:01:56]} 53. Rc5 {[%clk 0:02:26]} Rh6 {[%clk 0:00:57]} 54. Be5+
{[%clk 0:01:43]} Kg6 {[%clk 0:01:26]} 55. Kf4 {[%clk 0:01:11]} Bf3
{[%clk 0:01:12]} 56. Rc8 {[%clk 0:01:20]} Rh7 {[%clk 0:00:47]} 57. Rg8+
{[%clk 0:01:21]} Kf7 {[%clk 0:01:08]} 58. Rc8 {[%clk 0:00:50]} Rh1
{[%clk 0:01:08]} 59. Rc7+ {[%clk 0:00:56]} Ke8 {[%clk 0:01:08]} 1/2-1/2